Testing and test methods of fibre cement composites (Record no. 32359)

MARC details
000 -LEADER
fixed length control field 00297nam a2200109Ia 4500
082 ## - DEWEY DECIMAL CLASSIFICATION NUMBER
Classification number 666.798
Item number SWA
100 ## - MAIN ENTRY--AUTHOR NAME
Personal name Swamy, R N
245 #0 - TITLE STATEMENT
Title Testing and test methods of fibre cement composites
260 ## - PUBLICATION, DISTRIBUTION, ETC. (IMPRINT)
Place of publication Lancaster
Name of publisher Construction
Year of publication 1975
942 ## - ADDED ENTRY ELEMENTS (KOHA)
Koha item type Books
Holdings
Withdrawn status Lost status Damaged status Not for loan Home library Current library Date acquired Cost, normal purchase price Full call number Accession Number Koha item type
        RRII Library RRII Library 16/12/2021 37.50 666.798 SWA 12878 Books